Cultura generale ITA #9 - Statistics

Statistiche generali
  • Questo quiz è stato fatto 485 volte
  • Il punteggio medio è 12 su 20
Statistiche sulle risposte
Hint Risposta % Corretto
Cocktail cubano con rum bianco e foglie di menta Mojito
85%
La più famosa enciclopedia di lingua italiana Treccani
83%
Il tipo di nave che furono la Niña e la Pinta, ma non la Santa Maria come si crede spesso. Caravelle
82%
Le penne (per scrivere) per eccellenza Bic pen / Bic Cristal
78%
Rapper milanese di origini tunisine Ghali
77%
Il nome del mare che bagna la Grecia Mar Egeo
76%
Corpo statale che si occupa della sicurezza in mare Guardia costiera
72%
Soprannome dell'autostrada A1 che collega Milano e Napoli Autostrada del Sole
70%
Un libro che raccoglie varie carte geografiche. Prende il nome da una divinità greca Atlante
67%
Fu, probabilmente, Pietro Pacciani Mostro di Firenze
66%
Il nome comune del composto chimico H2O2 (perossido di idrogeno) Acqua ossigenata
63%
Specialità gastronomica di origini pugliesi, anche detto pizza fritta Panzerotto
63%
Termine, in arte e in letteratura, che indica un incrocio di una coppia elementi. Deriva dalla lettera greca Chi Chiasmo
52%
Sindrome dello spettro autistico che prende il nome da un pediatra austriaco Sindrome di Asperger
51%
Il calciatore italiano con più gol in nazionale (35). Suggerimento: giocava nel Cagliari Luigi Riva
50%
Corpo armato a protezione del Papa Guardia svizzera pontificia
42%
Segnale utilizzato in radiofonia, da parte di un'imbarcazione o di un velivolo, per indicare un'immediata necessità e richiesta di aiuto Mayday
38%
Celebre trattato scientifico di Galileo Dialogo sopra i due massimi sistemi del mondo
29%
Città di arrivo della ferrovia transiberiana (percorsa verso est) Vladivostok
20%
Nella grammatica italiana, la categoria del verbo che esprime la relazione tra il verbo stesso e il soggetto agente. Tipicamente è attiva o passiva Diatesi
11%
Nessun quiz corrispondente trovato
Distribuzione punteggi
Percentuale di utenti per punteggio
Percentile per numero di risposta
I tuoi punteggi nel tempo
Non hai fatto questo quiz